Procesos canónicos. Catálogo (1688-1888). Archivo del Arzobispado de Córdoba.
Сохранить в:
| Главный автор: | |
|---|---|
| Формат: | |
| Язык: | испанский |
| Опубликовано: |
Córdoba, Argentina:
Pontificia Universidad Católica de Argentina,
2007.
|
| Предметы: | |
| Метки: |
Добавить метку
Нет меток, Требуется 1-ая метка записи!
|
MARC
| LEADER | 00000nam a22000007a 4500 | ||
|---|---|---|---|
| 003 | CL-VaPUC | ||
| 005 | 20241220121456.0 | ||
| 008 | 241203t2007 ||||| |||| 00| 0 spa d | ||
| 999 | |c 446068 |d 446066 | ||
| 020 | |a 978-987-9415-24-5 | ||
| 040 | |c Pontificia Universidad Católica de Valparaíso | ||
| 082 | |2 22 |a 262.934 DEL 2007 | ||
| 100 | |9 474564 |a Dellaferrera, Nelson C |e autor | ||
| 245 | |a Procesos canónicos. |b Catálogo (1688-1888). Archivo del Arzobispado de Córdoba. | ||
| 260 | |a Córdoba, Argentina: |b Pontificia Universidad Católica de Argentina, |c 2007. | ||
| 300 | |a 1007 páginas. | ||
| 500 | |a c.1 Donación. Memo DER N° 047. 24-11-2024. | ||
| 583 | |c 20241203 |k Yessy Sthefany Diaz Vidal | ||
| 610 | 0 | |9 894464 |a Archivo del Arzobispado de Córdoba |v Casos judiciales |y 1688-1888 |z Argentina | |
| 650 | 0 | |9 254931 |a Tribunales eclesiásticos |v Historia judicial |z Argentina | |
| 650 | 0 | |9 254934 |a Derecho canónico |x Matrimonio y divorcio |z Argentina | |
| 942 | |2 ddc |c BK | ||
| 952 | |0 0 |1 0 |2 ddc |4 0 |6 262_934000000000000_DEL_2007 |7 0 |8 A |9 598459 |a BIBDER |b BIBDER |d 2024-12-04 |e Donación |i 5663503 |o 262.934 DEL 2007 |p 5663503 |r 2024-12-04 |t 1 |w 2024-12-04 |y BK |k DER | ||